Ľ exposé

Čo je to výklad, resp. vysvetlenie. Tri fázy výkladu: prípravná fáza, memorizácia a prezentácia.

Gespeichert in:
Bibliographische Detailangaben
1. Verfasser: Rizeková, Iveta, 1961-
Format: Buchkapitel
Sprache:Französisch
Schlagworte:
Tags: Tag hinzufügen
Keine Tags, Fügen Sie das erste Tag hinzu!

MARC

LEADER 00000naa$a2200000$$$4500
001 0091198
005 20240502072022.3
041 0 |a fre 
044 |a SK 
245 1 0 |a Ľ exposé  |c Iveta Rizeková 
520 |a Čo je to výklad, resp. vysvetlenie. Tri fázy výkladu: prípravná fáza, memorizácia a prezentácia. 
610 2 0 |a jazyky cudzie 
610 2 0 |a francúzština 
610 2 0 |a komunikácia 
610 2 0 |a informácie 
100 1 |a Rizeková, Iveta, 1961-